| 000 | 00680nam a2200181 4500 | ||
|---|---|---|---|
| 001 | 143914 | ||
| 003 | ES-MaACL | ||
| 005 | 20230906200914.0 | ||
| 007 | t| | ||
| 008 | 070214s1965 sp r ||||1| spa d | ||
| 100 | 1 |
_aShanahan, E. W. _9106001 |
|
| 245 | 1 | 0 |
_aAmérica del Sur _b: geografía económica y regional : con un capítulo histórico / _cE. W. Shanahan ; traducción de la última edición inglesa, revisada y puesta al día, por Joaquina Comas del Candel. |
| 250 | _a3ª ed. | ||
| 260 |
_aBarcelona : _bOmega, _c1965 ( _fAgustín Núñez) |
||
| 300 |
_a381 p. : _bil. ; _c23 cm + _emap. |
||
| 700 | 0 |
_aComas, Joaquina. _939934 |
|
| 852 |
_aES-MaACL _jC-28723 _bR.58104 |
||
| 999 |
_c143914 _d143914 |
||